Statistics for 2013 Champions League Final Dortmund - Bayern Munich

Click here to take the quiz!

General Stats

  • This quiz has been taken 1,027 times
  • The average score is 19 of 28

Answer Stats

Player% Correct
Manuel Neuer
96%
Robert Lewandowski
96%
Arjen Robben ¹
93%
Franck Ribéry
92%
Thomas Müller
91%
Marco Reus
90%
Mats Hummels
90%
Philipp Lahm
90%
Jérôme Boateng
88%
Jürgen Klopp
79%
Bastian Schweinsteiger
77%
İlkay Gündoğan ¹
76%
Roman Weidenfeller
76%
David Alaba
75%
Mario Mandžukić ¹
75%
Neven Subotić
66%
Dante
64%
Marcel Schmelzer
64%
Jupp Heynckes
58%
Javi Martínez
57%
Łukasz Piszczek
56%
Mario Gómez
55%
Jakub Błaszczykowski
50%
Kevin Großkreutz
39%
Sven Bender
39%
Nuri Şahin
34%
Luiz Gustavo
21%
Julian Schieber
13%

Score Distribution

Percentile by Number Answered

Percent of People with Each Score

Your Score History

You have not taken this quiz